| 000 | 02201nam a2200397 c 4500 | ||
|---|---|---|---|
| 001 | 58269 | ||
| 003 | CO-BoRNBP | ||
| 005 | 20250820215902.0 | ||
| 007 | ta | ||
| 008 | 160801s2009 sp gs 000 0 spa d | ||
| 020 | _a9788420633398 | ||
| 040 |
_aCO-BoRNBP _bspa _erda _cCO-BoRNBP |
||
| 041 | _aspa | ||
| 084 | _aN | ||
| 100 |
_aHesse, Hermann, _d1877-1962 _eaut _962772 |
||
| 245 | 1 | 0 |
_aDemian : _bhistoria de la juventud de Emil Sinclair / _cHermann Hesse ; traducido por Genoveva Dieterich. |
| 250 | _aPrimera edición | ||
| 264 | 1 |
_aMadird, España : _bAlianza, _c2009 |
|
| 300 | _a177 páginas | ||
| 336 |
_atexto _btxt _2rdacontent |
||
| 337 |
_asin mediación _bn _2rdamedia |
||
| 338 |
_avolumen _bnc _2rdacarrier |
||
| 490 | 0 | _aBiblioteca de autor | |
| 490 | 0 | _aEl libro de bolsillo | |
| 505 | 1 | _aLos dos mundos -- Caín -- El mal ladrón -- Beatrice -- El pájaro rompe el cascarón -- La la lucha de Jacob -- Frau Eva -- El principio del fin | |
| 520 | _aLa historia de la juventud de Emil Sinclair, es una novela que relata la niñez hasta la madurez de este complicado personaje del escritor alemán Hermann Hesse. La obra fue publicada por vez primera en 1919. En esta Emil Sinclair es un niño que ha vivido toda su vida en lo que el llama el Scheinwelt (mundo de ensueño o mundo de la luz), pero una mentira lo lleva a ampliar sus visiones del mundo y a conocer un personaje enigmático de nombre Max Demian que lo llevará por los senderos del auto-razonamiento destruyendo paradigmas materialistas que antes le rodeaban. La novela refiere y utiliza conceptos del Gnosticismo, particularmente el demiurgo (entidad que, sin ser creadora, es impulsora del universo imprimiéndole movimiento) Abraxas, mientras muestra la influencia del sistema de psicoanálisis de Carl Jung | ||
| 586 | _aPremio Nobel de Literatura 1946 | ||
| 650 | 0 | 7 |
_aBurguesía _vnovela _2lemb _962779 |
| 650 | 0 | 7 |
_aPsicoanalisis _vnovela _2LEMB _962780 |
| 650 | 0 | 7 |
_aSociedad _vnovela _2LEMB _962781 |
| 650 | 0 | 4 |
_aNovela alemana _ysiglo xx _2LEMB _962782 |
| 650 | 0 | 4 |
_aLiteratura alemana _ysiglo xx _2LEMB _962783 |
| 655 |
_aNovelas _9324744 |
||
| 700 |
_aDieterich, Genoveva _962784 |
||
| 942 |
_2loc _cBKLIT |
||
| 999 |
_c58269 _d58269 |
||